00000000nam 2200000zi 4500
0019.893442
003CaOODSP
00520250821145337
006m     o  d f      
007cr mn|||||||||
008201110e202508##quc     ob   f000 0 fre d
040 |aCaOODSP|bfre|erda|cCaOODSP
0410 |afre|beng|bfre
043 |an-cn---
0861 |aP29-192-003-2020F-PDF
24500|aTransport des marchandises dangereuses – formation, évaluation et compétence.
250 |aRetirée.
264 1|aGatineau (Québec) Canada : |bOffice des normes générales du Canada : |bConseil canadien des normes, |cAoût 2025.
264 4|c©2020
300 |a1 ressource en ligne (1 volume (pagination multiple))
336 |atexte|btxt|2rdacontent/fre
337 |ainformatique|bc|2rdamedia/fre
338 |aressource en ligne|bcr|2rdacarrier/fre
4901 |aNorme nationale du Canada ; |vCAN/CGSB-192.3-2020
500 |a« Retrait, août 2025. »
500 |a« Publiée en novembre 2020. »
500 |a« Expérience et excellence » -- Couverture.
500 |aPublié aussi en anglais sous le titre: Transportation of dangerous goods training, assessment and competency.
504 |aComprend des références bibliographiques (page 63).
520 |a« La présente Norme nationale du Canada énonce les exigences concernant la formation, l’évaluation et la compétence des personnes qui manutentionnent, présentent au transport ou transportent des marchandises dangereuses par voie routière, ferroviaire, maritime et aérienne au Canada » -- Objet, page 1.
546 |aTexte en français, retrait en français et en anglais.
650 6|aSubstances dangereuses|xTransport|xNormes|zCanada.
650 6|aPersonnel|xFormation|xNormes|zCanada.
7102 |aConseil canadien des normes, |eorganisme de publication.
7102 |aOffice des normes générales du Canada, |eorganisme de publication.
77508|tTransportation of dangerous goods training, assessment and competency.|w(CaOODSP)9.893439
830#0|aNorme nationale du Canada ;|vno 192.3-2020.|w(CaOODSP)9.504227
85640|qPDF|s1.67 Mo|uhttps://publications.gc.ca/collections/collection_2020/ongc-cgsb/P29-192-003-2020-fra.pdf|zRetrait, août 2025
986 |aICS 03.100.30